[Event "Gibraltar Challengers B"]
[Site "Gibraltar"]
[Date "2020.01.27"]
[Round "3.18"]
[White "Perez Ruiz, Santiago"]
[Black "Havik, Victor"]
[Result "1/2-1/2"]
[WhiteElo "1953"]
[BlackElo "2101"]
[PlyCount "27"]
[EventDate "2020.01.25"]
[EventType "swiss"]
[EventRounds "5"]
[EventCountry "GGB"]
[SourceTitle "BritBase"]
[Source "John Saunders"]
[SourceDate "2021.06.05"]
[SourceVersion "1"]
[SourceVersionDate "2021.06.05"]
[SourceQuality "1"]

1. d4 Nf6 2. c4 c5 3. Nf3 g6 4. Nc3 Bg7 5. d5 e6 6. Bg5 Qa5 7. Qd2 O-O 8. g3
exd5 9. Bxf6 Bxf6 10. Nxd5 Qxd2+ 11. Nxd2 Bd8 12. Ne4 Na6 13. O-O-O Nb4 14.
Nxb4 1/2-1/2

[Event "Gibraltar Challengers B"]
[Site "Gibraltar"]
[Date "2020.01.27"]
[Round "3.20"]
[White "Schouten, Freek"]
[Black "Maldonado Mena, German"]
[Result "1-0"]
[WhiteElo "2084"]
[BlackElo "1946"]
[PlyCount "75"]
[EventDate "2020.01.25"]
[EventType "swiss"]
[EventRounds "5"]
[EventCountry "GGB"]
[SourceTitle "BritBase"]
[Source "John Saunders"]
[SourceDate "2021.06.05"]
[SourceVersion "1"]
[SourceVersionDate "2021.06.05"]
[SourceQuality "1"]

1. d4 d5 2. Nf3 e6 3. c4 a6 4. g3 dxc4 5. Bg2 b5 6. Ne5 c6 7. O-O Bb7 8. a4 Qc7
9. b3 cxb3 10. Qxb3 Bd6 11. Nd3 Nd7 12. Nc3 Ngf6 13. e4 e5 14. dxe5 Nxe5 15.
Nxe5 Bxe5 16. Ba3 Bc8 17. Rac1 Be6 18. Qb1 Bc4 19. Rfd1 Qb6 20. Nxb5 axb5 21.
Rxc4 Qc7 22. Rcc1 Rxa4 23. Bb4 g5 24. Bf1 Qb6 25. Rc5 Nd7 26. Rxd7 Kxd7 27.
Rxe5 Qd4 28. Rd5+ cxd5 29. Bxb5+ Ke6 30. exd5+ Kf6 31. Bxa4 Ra8 32. Be7+ Kg7
33. Qf5 Qd2 34. Bf6+ Kf8 35. Bc6 Rb8 36. Qxh7 Qe1+ 37. Kg2 Qe4+ 38. Qxe4 1-0

[Event "Gibraltar Challengers B"]
[Site "Gibraltar"]
[Date "2020.01.27"]
[Round "3.22"]
[White "Hamer, Martyn"]
[Black "Ruiz Buendia, Miguel"]
[Result "1-0"]
[WhiteElo "2069"]
[BlackElo "1917"]
[PlyCount "97"]
[EventDate "2020.01.25"]
[EventType "swiss"]
[EventRounds "5"]
[EventCountry "GGB"]
[SourceTitle "BritBase"]
[Source "John Saunders"]
[SourceDate "2021.06.05"]
[SourceVersion "1"]
[SourceVersionDate "2021.06.05"]
[SourceQuality "1"]

1. d4 Nf6 2. Nc3 d5 3. Bf4 e6 4. Nb5 Bd6 5. Nxd6+ cxd6 6. e3 Nc6 7. Nf3 O-O 8.
Bd3 Re8 9. Bg5 e5 10. Be2 h6 11. Bxf6 Qxf6 12. dxe5 dxe5 13. Qxd5 Be6 14. Qb5
Qg6 15. O-O e4 16. Ne1 Bf5 17. f4 exf3 18. Rxf3 Bg4 19. Rg3 Bxe2 20. Qxe2 Qe4
21. Qd3 Rad8 22. Qxe4 Rxe4 23. Nd3 Ne5 24. Nxe5 Rxe5 25. Rf3 Rd2 26. Rf2 Red5
27. Re1 f6 28. Kf1 Kf7 29. Rxd2 Rxd2 30. Re2 Rd1+ 31. Kf2 Ke6 32. c4 b6 33. Kf3
Ke5 34. b3 a5 35. h3 Rf1+ 36. Rf2 Rd1 37. Rc2 Kd6 38. Ke2 Rg1 39. Kd3 Kc5 40.
Ke4 g6 41. Rf2 a4 42. g4 axb3 43. axb3 h5 44. Rxf6 hxg4 45. Rxg6 g3 46. Kf3
Rf1+ 47. Kg2 Rb1 48. Rg5+ Kd6 49. Rb5 1-0

[Event "Gibraltar Challengers B"]
[Site "Gibraltar"]
[Date "2020.01.27"]
[Round "3.23"]
[White "Garcia Rodriguez, Inaki"]
[Black "Ungureanu, Sandu"]
[Result "1-0"]
[WhiteElo "1944"]
[BlackElo "2066"]
[PlyCount "69"]
[EventDate "2020.01.25"]
[EventType "swiss"]
[EventRounds "5"]
[EventCountry "GGB"]
[SourceTitle "BritBase"]
[Source "John Saunders"]
[SourceDate "2021.06.05"]
[SourceVersion "1"]
[SourceVersionDate "2021.06.05"]
[SourceQuality "1"]

1. d4 d5 2. Bg5 g6 3. e3 Bg7 4. Nf3 c5 5. c4 cxd4 6. exd4 Bg4 7. Nc3 h6 8. Bh4
g5 9. Bg3 Nf6 10. Qb3 Bxf3 11. gxf3 b6 12. cxd5 O-O 13. Bg2 Na6 14. f4 Nh5 15.
fxg5 Bxd4 16. Qd1 Bxc3+ 17. bxc3 Nxg3 18. hxg3 Qc7 19. Qd4 e5 20. Qe3 Rac8 21.
Rc1 Qc5 22. Qd2 h5 23. Qe2 Qa3 24. O-O Nb8 25. Qxh5 Qd6 26. Be4 Rfd8 27. Kg2
Rc4 28. Qh7+ Kf8 29. g6 fxg6 30. f4 exf4 31. Rxf4+ Qxf4 32. gxf4 Rxe4 33. Qxg6
Re7 34. Rh1 Red7 35. Qf6+ 1-0

[Event "Gibraltar Challengers B"]
[Site "Gibraltar"]
[Date "2020.01.27"]
[Round "3.24"]
[White "Karlsson, Jorgen"]
[Black "Ankitha, Goud Palle"]
[Result "1/2-1/2"]
[WhiteElo "2054"]
[BlackElo "1761"]
[PlyCount "162"]
[EventDate "2020.01.25"]
[EventType "swiss"]
[EventRounds "5"]
[EventCountry "GGB"]
[SourceTitle "BritBase"]
[Source "John Saunders"]
[SourceDate "2021.06.05"]
[SourceVersion "1"]
[SourceVersionDate "2021.06.05"]
[SourceQuality "1"]

1. d4 Nf6 2. Bf4 e6 3. e3 b6 4. Nd2 Bb7 5. h3 c5 6. Ngf3 cxd4 7. exd4 Be7 8.
Bd3 O-O 9. c3 d6 10. O-O Nbd7 11. Qe2 Re8 12. Rad1 Bf8 13. Nc4 Qc7 14. Rfe1
Rac8 15. Ne3 e5 16. dxe5 Nxe5 17. Nxe5 dxe5 18. Bh2 Qc5 19. Ng4 Nxg4 20. hxg4
f6 21. Bf5 Rcd8 22. Be6+ Kh8 23. Bf7 Rxd1 24. Rxd1 Rc8 25. g5 fxg5 26. Qxe5
Qxe5 27. Bxe5 Bc6 28. b4 Be7 29. Re1 Bf8 30. Re3 Rd8 31. Bb3 b5 32. a3 a6 33.
c4 bxc4 34. Bxc4 Bb5 35. Bb3 Bc6 36. Bc7 Rc8 37. Ba5 Bd7 38. Rd3 Bb5 39. Rd8
Rxd8 40. Bxd8 h6 41. Ba5 Kh7 42. Bc2+ Kg8 43. Bg6 Bd6 44. Bb6 Be5 45. Bc2 Kf7
46. a4 Bc6 47. Bd3 Bxa4 48. Bxa6 Ke6 49. Bc4+ Kd7 50. b5 Kc8 51. Bc5 Kc7 52.
Kf1 Bc2 53. Ke2 Be4 54. f3 Bb7 55. g4 Kd7 56. Bf7 Kc7 57. Be6 Kb8 58. Ke3 Bf4+
59. Kf2 Be5 60. Bb6 Ba8 61. Be3 Bb7 62. Bf7 Kc7 63. Bc5 Kd7 64. Ke2 Kc7 65. b6+
Kb8 66. Bc4 Kc8 67. Bd3 Kb8 68. Bf8 Bc6 69. Be4 Bxe4 70. fxe4 Kb7 71. Bc5 g6
72. Be3 h5 73. Kf3 Kc6 74. Bxg5 Kxb6 75. Be3+ Kc6 76. gxh5 gxh5 77. Bg5 Kd7 78.
Kg2 Ke6 79. Kh3 Bd4 80. Kh4 Ke5 81. Kxh5 Kxe4 1/2-1/2

[Event "Gibraltar Challengers B"]
[Site "Gibraltar"]
[Date "2020.01.27"]
[Round "3.25"]
[White "Martinez Lopez, Jaume"]
[Black "Ashwani, Kumar Grover"]
[Result "1-0"]
[WhiteElo "2042"]
[BlackElo "1731"]
[PlyCount "81"]
[EventDate "2020.01.25"]
[EventType "swiss"]
[EventRounds "5"]
[EventCountry "GGB"]
[SourceTitle "BritBase"]
[Source "John Saunders"]
[SourceDate "2021.06.05"]
[SourceVersion "1"]
[SourceVersionDate "2021.06.05"]
[SourceQuality "1"]

1. d4 Nf6 2. Nf3 d5 3. Bf4 e6 4. e3 b6 5. Nbd2 Bb7 6. Bd3 Bd6 7. Bg3 Nbd7 8.
Ne5 a6 9. O-O Qe7 10. c3 Ne4 11. Bxe4 dxe4 12. Qg4 O-O 13. Bh4 f6 14. Nec4 g5
15. Nxd6 cxd6 16. Bg3 f5 17. Qh5 f4 18. exf4 gxf4 19. Bh4 Qg7 20. Qg5 d5 21.
Rfe1 Rae8 22. c4 Qxg5 23. Bxg5 Rf5 24. Bh4 Rh5 25. g3 Kf7 26. cxd5 exd5 27.
Rac1 Ke6 28. Rc7 Rb8 29. Rec1 Kd6 30. Kg2 f3+ 31. Kf1 a5 32. Kg1 Nc5 33. Rf7
Nd7 34. Nf1 Rg8 35. Kh1 Rc8 36. Rxc8 Bxc8 37. Ne3 Ke6 38. Rg7 a4 39. a3 Ba6 40.
Ng4 Bc4 41. Re7+ 1-0

[Event "Gibraltar Challengers B"]
[Site "Gibraltar"]
[Date "2020.01.27"]
[Round "3.26"]
[White "Pakmor, Claus"]
[Black "Lung, Liviu-Catalin"]
[Result "1-0"]
[WhiteElo "1937"]
[BlackElo "2041"]
[PlyCount "68"]
[EventDate "2020.01.25"]
[EventType "swiss"]
[EventRounds "5"]
[EventCountry "GGB"]
[SourceTitle "BritBase"]
[Source "John Saunders"]
[SourceDate "2021.06.05"]
[SourceVersion "1"]
[SourceVersionDate "2021.06.05"]
[SourceQuality "1"]

1. e4 c5 2. Nf3 d6 3. d4 cxd4 4. Nxd4 Nf6 5. Nc3 g6 6. Be3 Bg7 7. f3 O-O 8. Qd2
Nc6 9. O-O-O Nxd4 10. Bxd4 Be6 11. Kb1 Qc7 12. h4 Rfc8 13. h5 Qa5 14. hxg6 hxg6
15. a3 Rab8 16. Nd5 Qxd2 17. Rxd2 Bxd5 18. exd5 a6 19. g3 Nh5 20. Bf2 b5 21. f4
Nf6 22. Bg2 b4 23. a4 b3 24. c3 Ng4 25. Bg1 Rc4 26. a5 Ra4 27. Bb6 Nf6 28. Rd4
Rxd4 29. Bxd4 Rb5 30. Bb6 Nd7 31. Bf1 Rxd5 32. Bxa6 e5 33. Bc4 Rd2 34. Be3 d5
1-0

[Event "Gibraltar Challengers B"]
[Site "Gibraltar"]
[Date "2020.01.27"]
[Round "3.32"]
[White "Fernandez Lopategi, Jon Andoni"]
[Black "Omovie, Ejenavi"]
[Result "0-1"]
[WhiteElo "1987"]
[BlackElo "2089"]
[PlyCount "100"]
[EventDate "2020.01.25"]
[EventType "swiss"]
[EventRounds "5"]
[EventCountry "GGB"]
[SourceTitle "BritBase"]
[Source "John Saunders"]
[SourceDate "2021.06.05"]
[SourceVersion "1"]
[SourceVersionDate "2021.06.05"]
[SourceQuality "1"]

1. d4 d5 2. Bf4 Nf6 3. e3 c5 4. c3 Nc6 5. Nd2 Qb6 6. Qb3 c4 7. Qxb6 axb6 8. e4
e6 9. a3 b5 10. e5 Nd7 11. Rb1 Be7 12. Be3 O-O 13. Be2 f6 14. f4 f5 15. Nh3 Nb6
16. Nf3 Na4 17. Bd2 Na5 18. Bd1 Bd7 19. Bc2 h6 20. Nf2 g6 21. g4 Kf7 22. h4 Kg7
23. h5 Be8 24. Nh4 g5 25. fxg5 hxg5 26. gxf5 gxh4 27. f6+ Bxf6 28. exf6+ Kxf6
29. Rxh4 Rg8 30. Ng4+ Ke7 31. Ne5 Nc6 32. Bf4 Nxe5 33. Bxe5 Rg2 34. Kd1 Rg1+
35. Kd2 Rg2+ 36. Kc1 Rg1+ 37. Bd1 Bf7 38. Rh2 Rag8 39. h6 Bg6 40. h7 Rf8 41.
h8=Q Rxh8 42. Rxh8 Bxb1 43. Kxb1 Rxd1+ 44. Kc2 Rf1 45. Rb8 Rf2+ 46. Kc1 b6 47.
Bc7 Rxb2 48. Bxb6 Rb3 49. Ba5 Nxc3 50. Kc2 Ne2 0-1

[Event "Gibraltar Challengers B"]
[Site "Gibraltar"]
[Date "2020.01.27"]
[Round "3.33"]
[White "Kukic, Boris"]
[Black "Kaplan, Amiram"]
[Result "1-0"]
[WhiteElo "2056"]
[BlackElo "1880"]
[PlyCount "121"]
[EventDate "2020.01.25"]
[EventType "swiss"]
[EventRounds "5"]
[EventCountry "GGB"]
[SourceTitle "BritBase"]
[Source "John Saunders"]
[SourceDate "2021.06.05"]
[SourceVersion "1"]
[SourceVersionDate "2021.06.05"]
[SourceQuality "1"]

1. Nf3 Nf6 2. d4 d5 3. Bg5 Ne4 4. Bf4 h6 5. Nbd2 Bf5 6. e3 e6 7. Nxe4 Bxe4 8.
Bd3 Bxd3 9. Qxd3 Bd6 10. O-O O-O 11. Bxd6 Qxd6 12. Rac1 Nd7 13. c4 c6 14. c5
Qc7 15. b4 a6 16. a4 e5 17. Qf5 g6 18. Qh3 e4 19. Nd2 Kg7 20. f4 Nf6 21. Nb3
Rfd8 22. Qg3 Nh5 23. Qe1 f5 24. Na5 Nf6 25. h3 h5 26. Rf2 Ra7 27. Rb2 Ng8 28.
Ra1 Rda8 29. Nb3 Ne7 30. Raa2 Qd7 31. Na1 Rb8 32. Qe2 b6 33. cxb6 Rxb6 34. Nb3
Rxb4 35. Nc5 Rxb2 36. Qxb2 Qc8 37. Qb6 Ra8 38. Rb2 Kf8 39. a5 Ke8 40. Qb4 Qc7
41. Kf2 h4 42. Kg1 Qc8 43. Na4 Qc7 44. Nc5 Qc8 45. Qe1 Rb8 46. Rxb8 Qxb8 47.
Nxa6 Qb2 48. Nc5 Qa3 49. a6 Kf7 50. Kh2 Nc8 51. Qxh4 Qxe3 52. Qh7+ Kf6 53. Nd7+
Ke6 54. Nf8+ Kf6 55. Qxg6+ Ke7 56. Qxf5 Qxd4 57. Qd7+ Kxf8 58. Qxc8+ Kg7 59.
Qc7+ Kh6 60. a7 Qa4 61. Qb7 1-0

[Event "Gibraltar Challengers B"]
[Site "Gibraltar"]
[Date "2020.01.27"]
[Round "3.34"]
[White "Boardman, Jeffrey"]
[Black "Skutta, Bernd"]
[Result "1-0"]
[WhiteElo "1972"]
[BlackElo "1998"]
[PlyCount "40"]
[EventDate "2020.01.25"]
[EventType "swiss"]
[EventRounds "5"]
[EventCountry "GGB"]
[SourceTitle "BritBase"]
[Source "John Saunders"]
[SourceDate "2021.06.05"]
[SourceVersion "1"]
[SourceVersionDate "2021.06.05"]
[SourceQuality "1"]

1. e4 g6 2. d4 Bg7 3. Nc3 c6 4. Bc4 e6 5. Nge2 d5 6. Bd3 Nd7 7. h4 e5 8. exd5
exd4 9. dxc6 bxc6 10. Ne4 Ne5 11. h5 Nf6 12. h6 Bf8 13. Nxd4 Bb4+ 14. Kf1 Nxe4
15. Bxe4 O-O 16. Be3 Qf6 17. c3 Ng4 18. Qf3 Nxe3+ 19. fxe3 Ba6+ 20. Kf2 Bc5 1-0

[Event "Gibraltar Challengers B"]
[Site "Gibraltar"]
[Date "2020.01.27"]
[Round "3.36"]
[White "Nergard, Ole-Kristian"]
[Black "Verhoef, Jaap"]
[Result "0-1"]
[WhiteElo "1667"]
[BlackElo "2015"]
[PlyCount "42"]
[EventDate "2020.01.25"]
[EventType "swiss"]
[EventRounds "5"]
[EventCountry "GGB"]
[SourceTitle "BritBase"]
[Source "John Saunders"]
[SourceDate "2021.06.05"]
[SourceVersion "1"]
[SourceVersionDate "2021.06.05"]
[SourceQuality "1"]

1. e4 e5 2. Nf3 Nc6 3. d4 exd4 4. Bc4 Nf6 5. e5 d5 6. Bb5 Ne4 7. Nxd4 Bc5 8.
Be3 O-O 9. Nxc6 bxc6 10. Bxc5 Nxc5 11. Bxc6 Ba6 12. Bxa8 Qg5 13. Qd3 d4 14.
Qxd4 Qc1+ 15. Qd1 Qxb2 16. Nd2 Qxe5+ 17. Be4 Nxe4 18. Nxe4 Qxe4+ 19. Kd2 Rd8+
20. Kc1 Qf4+ 21. Kb2 Qb4+ 0-1

[Event "Gibraltar Challengers B"]
[Site "Gibraltar"]
[Date "2020.01.27"]
[Round "3.37"]
[White "Auvinen, Esa"]
[Black "Adewole, Adeyinka"]
[Result "0-1"]
[WhiteElo "1850"]
[BlackElo "1941"]
[PlyCount "118"]
[EventDate "2020.01.25"]
[EventType "swiss"]
[EventRounds "5"]
[EventCountry "GGB"]
[SourceTitle "BritBase"]
[Source "John Saunders"]
[SourceDate "2021.06.05"]
[SourceVersion "1"]
[SourceVersionDate "2021.06.05"]
[SourceQuality "1"]

1. e4 e6 2. d4 d5 3. Nc3 Nf6 4. Bg5 Be7 5. e5 Nfd7 6. Bxe7 Qxe7 7. f4 O-O 8.
Nf3 f5 9. Be2 a6 10. O-O c5 11. dxc5 Nxc5 12. Nd4 Nc6 13. Nxc6 bxc6 14. Qd4 Rb8
15. b3 Ne4 16. Nxe4 fxe4 17. c3 c5 18. Qe3 Rd8 19. Rad1 Qa7 20. Rd2 Rb7 21.
Rfd1 Rbd7 22. Bg4 Rf7 23. c4 d4 24. Qxe4 Bb7 25. Qd3 Qb6 26. Rf1 Rdf8 27. Rdf2
g6 28. g3 a5 29. Bf3 Bc8 30. Be4 Bd7 31. Bg2 Rb8 32. Be4 Bc6 33. Bxc6 Qxc6 34.
Rb1 Rfb7 35. Qf3 Qxf3 36. Rxf3 a4 37. Kf1 Rb4 38. Ke2 Rxc4 39. Kd2 Rcb4 40. Rc1
R8b5 41. g4 Kf7 42. Rh3 h5 43. gxh5 gxh5 44. Rxh5 axb3 45. axb3 Rxb3 46. Rh7+
Kg6 47. Rc7 Rb2+ 48. Rc2 Rxc2+ 49. Kxc2 Kf5 50. Rf7+ Ke4 51. h4 Ke3 52. h5 d3+
53. Kc3 Rb4 54. h6 d2 55. Rd7 Rd4 56. Rxd4 cxd4+ 57. Kc4 d1=Q 58. f5 Qc2+ 59.
Kb5 Qxf5 0-1

[Event "Gibraltar Challengers B"]
[Site "Gibraltar"]
[Date "2020.01.27"]
[Round "3.38"]
[White "Erdogan, Hassan"]
[Black "Aura, Kristian"]
[Result "1/2-1/2"]
[WhiteElo "1830"]
[BlackElo "1928"]
[PlyCount "53"]
[EventDate "2020.01.25"]
[EventType "swiss"]
[EventRounds "5"]
[EventCountry "GGB"]
[SourceTitle "BritBase"]
[Source "John Saunders"]
[SourceDate "2021.06.05"]
[SourceVersion "1"]
[SourceVersionDate "2021.06.05"]
[SourceQuality "1"]

1. d4 d5 2. Nf3 Nf6 3. e3 c6 4. Bd3 Bg4 5. Nbd2 Nbd7 6. c3 e5 7. dxe5 Nxe5 8.
Be2 Nxf3+ 9. Nxf3 Bd6 10. O-O O-O 11. h3 Bxf3 12. Bxf3 Re8 13. b3 Qe7 14. Bb2
Ne4 15. Bxe4 Qxe4 16. c4 Be5 17. Bxe5 Rxe5 18. cxd5 Rxd5 19. Qe2 a5 20. Rfd1
Rad8 21. Rxd5 Qxd5 22. Rc1 Qd2 23. Rc2 Qb4 24. Rc4 Qd2 25. Rc2 Qb4 26. Rc4 Qd2
27. Rc2 1/2-1/2

[Event "Gibraltar Challengers B"]
[Site "Gibraltar"]
[Date "2020.01.27"]
[Round "3.39"]
[White "Fischer, Robert"]
[Black "Garcia-Blazquez Perez, Manuel"]
[Result "1-0"]
[WhiteElo "1923"]
[BlackElo "1825"]
[PlyCount "63"]
[EventDate "2020.01.25"]
[EventType "swiss"]
[EventRounds "5"]
[EventCountry "GGB"]
[SourceTitle "BritBase"]
[Source "John Saunders"]
[SourceDate "2021.06.05"]
[SourceVersion "1"]
[SourceVersionDate "2021.06.05"]
[SourceQuality "1"]

1. e4 c5 2. Nc3 g6 3. d4 cxd4 4. Qxd4 Nf6 5. e5 Nc6 6. Qf4 Nh5 7. Qe4 Bg7 8. g4
d5 9. Nxd5 Bxg4 10. Ne3 Qa5+ 11. Bd2 Qxe5 12. Qxg4 f5 13. Qa4 f4 14. Bc3 Qc5
15. Qc4 Bxc3+ 16. bxc3 Qa3 17. Nd5 O-O-O 18. Rb1 Rxd5 19. Qxd5 Qxc3+ 20. Qd2
Qe5+ 21. Be2 Rd8 22. Nf3 Qe4 23. Qc3 e5 24. Qc4 Qf5 25. Bd3 e4 26. Qxe4 Qa5+
27. Kf1 Qxa2 28. Kg2 g5 29. Bc4 Qa5 30. Qe6+ Kc7 31. Qf7+ Rd7 32. Rxb7+ 1-0

[Event "Gibraltar Challengers B"]
[Site "Gibraltar"]
[Date "2020.01.27"]
[Round "3.40"]
[White "Gonzalvez Tamarit, Ivan"]
[Black "Olufemi, George"]
[Result "1-0"]
[WhiteElo "1918"]
[BlackElo "1803"]
[PlyCount "51"]
[EventDate "2020.01.25"]
[EventType "swiss"]
[EventRounds "5"]
[EventCountry "GGB"]
[SourceTitle "BritBase"]
[Source "John Saunders"]
[SourceDate "2021.06.05"]
[SourceVersion "1"]
[SourceVersionDate "2021.06.05"]
[SourceQuality "1"]

1. d4 g6 2. Nf3 Bg7 3. g3 c5 4. Bg2 cxd4 5. Nxd4 Nc6 6. Nb3 Nf6 7. O-O O-O 8.
e4 d6 9. Nc3 a5 10. a4 Bg4 11. f3 Be6 12. Be3 Ne5 13. Nd4 Bc4 14. Re1 Rc8 15.
Kh1 Be6 16. Nxe6 fxe6 17. Bh3 Kf7 18. Bd4 Rc4 19. f4 Nc6 20. Bxf6 Bxf6 21.
Bxe6+ Kxe6 22. Qd5+ Kd7 23. Qxc4 Qb6 24. e5 Bxe5 25. fxe5 Rf2 26. exd6 1-0

[Event "Gibraltar Challengers B"]
[Site "Gibraltar"]
[Date "2020.01.27"]
[Round "3.41"]
[White "Johnsen, Sylvia"]
[Black "Kunnavakkam, Sudarshanagopal Vin"]
[Result "0-1"]
[WhiteElo "1902"]
[BlackElo "1786"]
[PlyCount "104"]
[EventDate "2020.01.25"]
[EventType "swiss"]
[EventRounds "5"]
[EventCountry "GGB"]
[SourceTitle "BritBase"]
[Source "John Saunders"]
[SourceDate "2021.06.05"]
[SourceVersion "1"]
[SourceVersionDate "2021.06.05"]
[SourceQuality "1"]

1. e4 c5 2. Nc3 Nc6 3. g3 g6 4. Bg2 Bg7 5. d3 d6 6. Nge2 e6 7. O-O Nge7 8. Bg5
Qd7 9. f4 Rb8 10. g4 f5 11. h3 O-O 12. Qd2 b5 13. a3 a6 14. Rae1 Bb7 15. Nd1
Rbe8 16. b4 cxb4 17. axb4 e5 18. Nf2 d5 19. exf5 gxf5 20. fxe5 Nxe5 21. d4 Nc4
22. Qf4 Nc6 23. Nd3 fxg4 24. Qxg4 Qxg4 25. hxg4 Nxd4 26. Rxf8+ Kxf8 27. Rf1+
Kg8 28. Nef4 h6 29. Bh4 Ne3 30. Rc1 Nxg4 31. c3 Nf5 32. Bf2 Nxf2 33. Kxf2 Nd6
34. Bxd5+ Bxd5 35. Nxd5 Ne4+ 36. Kf3 Nd2+ 37. Kg4 Re4+ 38. N3f4 Rc4 39. Kf5 Ne4
40. Kg6 Rc6+ 41. Kf5 Nd6+ 42. Ke6 Nc4+ 43. Kd7 Rd6+ 44. Kc7 Be5 45. Ne7+ Kf7
46. Nc6 Bxf4 47. Rf1 Rf6+ 48. Kb7 Nd6+ 49. Kxa6 h5 50. c4 bxc4 51. b5 c3 52. b6
c2 0-1

[Event "Gibraltar Challengers B"]
[Site "Gibraltar"]
[Date "2020.01.27"]
[Round "3.42"]
[White "O'Neil, Jim"]
[Black "Lafour, Jephte"]
[Result "1-0"]
[WhiteElo "1870"]
[BlackElo "1690"]
[PlyCount "55"]
[EventDate "2020.01.25"]
[EventType "swiss"]
[EventRounds "5"]
[EventCountry "GGB"]
[SourceTitle "BritBase"]
[Source "John Saunders"]
[SourceDate "2021.06.05"]
[SourceVersion "1"]
[SourceVersionDate "2021.06.05"]
[SourceQuality "1"]

1. e4 d5 2. exd5 Qxd5 3. Nf3 Nf6 4. Be2 c6 5. c4 Qd8 6. Nc3 Bg4 7. O-O e6 8. d4
Bb4 9. Qb3 Bxc3 10. Qxc3 h6 11. b3 Na6 12. Ba3 Ne4 13. Qe3 Nf6 14. Rad1 Qa5 15.
b4 Qf5 16. b5 Nc7 17. bxc6 bxc6 18. d5 cxd5 19. Qc5 O-O-O 20. Nd4 Ne4 21. Qxa7
Qg5 22. Bxg4 Nd2 23. Rb1 Nxb1 24. Rxb1 Qxg4 25. Rb8+ Kd7 26. Qa4+ Nb5 27. Qxb5+
Kc7 28. Qb7# 1-0

[Event "Gibraltar Challengers B"]
[Site "Gibraltar"]
[Date "2020.01.27"]
[Round "3.43"]
[White "Tkadlecek, Petr"]
[Black "Niharika, Ch"]
[Result "0-1"]
[WhiteElo "1775"]
[BlackElo "1865"]
[PlyCount "86"]
[EventDate "2020.01.25"]
[EventType "swiss"]
[EventRounds "5"]
[EventCountry "GGB"]
[SourceTitle "BritBase"]
[Source "John Saunders"]
[SourceDate "2021.06.05"]
[SourceVersion "1"]
[SourceVersionDate "2021.06.05"]
[SourceQuality "1"]

1. d4 Nf6 2. Nf3 e6 3. Bf4 d5 4. e3 c5 5. c3 Nc6 6. Bd3 Bd6 7. Bg5 O-O 8. Bc2
Re8 9. b3 cxd4 10. Nxd4 a6 11. O-O Ne5 12. a4 Ned7 13. Nd2 Qc7 14. g3 Qxc3 15.
Rc1 Qa5 16. Re1 Bb4 17. Re2 e5 18. Bxf6 Nxf6 19. Nf5 e4 20. Nd4 Bg4 21. f3 Bxd2
22. Rxd2 exf3 23. Kf2 Rac8 24. Bb1 Rc3 25. Rxc3 Qxc3 26. Qe1 g6 27. h3 Bxh3 28.
Kxf3 Ng4 29. Re2 Ne5+ 30. Kf2 Qc7 31. Qh1 Bg4 32. Re1 Qe7 33. Qxd5 h5 34. Qe4
h4 35. Qf4 h3 36. Qe4 Bd7 37. Qxb7 Ng4+ 38. Kg1 Qd6 39. Qf3 Qxd4 40. Bc2 Rxe3
41. Rxe3 Nxe3 42. Be4 Ng4+ 43. Kf1 Nh2+ 0-1

[Event "Gibraltar Challengers B"]
[Site "Gibraltar"]
[Date "2020.01.27"]
[Round "4.7"]
[White "George, Lolomari Erekosima"]
[Black "Enkhtuul, Altan-Ulzii"]
[Result "0-1"]
[WhiteElo "2053"]
[BlackElo "2200"]
[PlyCount "90"]
[EventDate "2020.01.25"]
[EventType "swiss"]
[EventRounds "5"]
[EventCountry "GGB"]
[SourceTitle "BritBase"]
[Source "John Saunders"]
[SourceDate "2021.06.05"]
[SourceVersion "1"]
[SourceVersionDate "2021.06.05"]
[SourceQuality "1"]

1. Nf3 g6 2. c4 Bg7 3. Nc3 Nf6 4. e4 d6 5. d4 O-O 6. Be2 c5 7. O-O Na6 8. Be3
h6 9. Rb1 Kh7 10. b3 Ng4 11. Bc1 Qa5 12. Bb2 Nb4 13. h3 Nf6 14. a3 Nc6 15. d5
Ne8 16. Qc2 Ne5 17. Nd2 Nd7 18. Kh1 Bd4 19. f4 Qd8 20. Nf3 Be3 21. e5 Ng7 22.
Qe4 Bd4 23. Nxd4 cxd4 24. Qxd4 Nf5 25. Qf2 dxe5 26. Ne4 exf4 27. Qxf4 Nb6 28.
g4 Ng7 29. Bd3 f5 30. Ng3 e6 31. Qe5 Rg8 32. gxf5 exf5 33. Ne4 Nd7 34. Qd4 Qh4
35. Kh2 fxe4 36. Rf7 Nf6 37. Rxf6 Qxh3+ 38. Kg1 Qg3+ 39. Kh1 Qh3+ 40. Kg1 Qg3+
41. Kh1 Qxd3 42. Qe5 Qh3+ 43. Kg1 Qe3+ 44. Kh1 Bg4 45. Kh2 Qe2+ 0-1

[Event "Gibraltar Challengers B"]
[Site "Gibraltar"]
[Date "2020.01.27"]
[Round "4.17"]
[White "Manukonda, Arun"]
[Black "Schouten, Freek"]
[Result "0-1"]
[WhiteElo "1959"]
[BlackElo "2084"]
[PlyCount "148"]
[EventDate "2020.01.25"]
[EventType "swiss"]
[EventRounds "5"]
[EventCountry "GGB"]
[SourceTitle "BritBase"]
[Source "John Saunders"]
[SourceDate "2021.06.05"]
[SourceVersion "1"]
[SourceVersionDate "2021.06.05"]
[SourceQuality "1"]

1. d4 Nf6 2. c4 c5 3. d5 b5 4. cxb5 a6 5. f3 d6 6. e4 g6 7. Nc3 Bg7 8. Be3 O-O
9. Bd3 Nbd7 10. bxa6 Ne5 11. Be2 Bxa6 12. Bxa6 Rxa6 13. Nge2 Qa5 14. O-O Nc4
15. Bc1 Nd7 16. Qc2 Rb8 17. b3 Na3 18. Bxa3 Qxa3 19. Rab1 Ne5 20. Rfd1 Rab6 21.
f4 Ng4 22. h3 Ne3 23. Qc1 Qxc1 24. Rdxc1 e6 25. Kf2 exd5 26. Na4 Rb4 27. Kxe3
Rxe4+ 28. Kd2 d4 29. Re1 h5 30. g3 Re3 31. Nb2 d5 32. Nd3 c4 33. bxc4 Rxb1 34.
Rxb1 dxc4 35. Ne5 Bxe5 36. fxe5 c3+ 37. Kd1 c2+ 38. Kxc2 Rxe2+ 39. Kb3 Rxe5 40.
a4 f5 41. Kc4 Ra5 42. Kb4 Ra8 43. Rd1 h4 44. gxh4 Kg7 45. Rxd4 Kh6 46. a5 g5
47. hxg5+ Kxg5 48. h4+ Kf6 49. Rd6+ Ke5 50. Rh6 f4 51. Rh7 Ke6 52. Rh6+ Ke5 53.
Rh5+ Ke4 54. Kc3 f3 55. Kd2 Rb8 56. Rc5 Rb2+ 57. Ke1 Rb1+ 58. Kf2 Rb2+ 59. Kg3
Rg2+ 60. Kh3 Rg8 61. Rc4+ Ke3 62. Rc3+ Ke2 63. Rc2+ Ke1 64. Rc1+ Kd2 65. Ra1 f2
66. Ra2+ Ke1 67. Ra1+ Ke2 68. Ra2+ Ke3 69. Ra3+ Ke4 70. Ra4+ Ke5 71. Ra1 Rg1
72. Rf1 Rxf1 73. Kg2 Ra1 74. Kxf2 Kf4 0-1

[Event "Gibraltar Challengers B"]
[Site "Gibraltar"]
[Date "2020.01.27"]
[Round "4.22"]
[White "Omovie, Ejenavi"]
[Black "Perez Ruiz, Santiago"]
[Result "1/2-1/2"]
[WhiteElo "2089"]
[BlackElo "1953"]
[PlyCount "50"]
[EventDate "2020.01.25"]
[EventType "swiss"]
[EventRounds "5"]
[EventCountry "GGB"]
[SourceTitle "BritBase"]
[Source "John Saunders"]
[SourceDate "2021.06.05"]
[SourceVersion "1"]
[SourceVersionDate "2021.06.05"]
[SourceQuality "1"]

1. d4 Nf6 2. c4 e6 3. Nc3 Bb4 4. e3 c5 5. Nge2 O-O 6. a3 cxd4 7. exd4 Be7 8. d5
d6 9. g3 e5 10. Bg2 Nbd7 11. O-O a5 12. h3 Nc5 13. Be3 Bf5 14. Bxc5 dxc5 15.
Nb5 Ne8 16. Nec3 Nd6 17. Qe2 Bf6 18. Nxd6 Qxd6 19. Nb5 Qb6 20. Qe3 Bd7 21. a4
Bxb5 22. axb5 Qd6 23. Rfe1 b6 24. Rad1 g6 25. h4 h5 1/2-1/2